Sports Quiz

Random Sports or Basketball Quiz

Utah Jazz All-Time Leaders Quiz Stats

 Plays Quiz Updated Apr 30, 2018

Challenge
Share
Tweet
Embed
Score 0/50 Timer 06:00
0 Plays Today
Category Player % Correct
PointsKarl Malone
98.2%
ReboundsKarl Malone
98.2%
AssistsKarl Malone
98.2%
StealsKarl Malone
98.2%
BlocksKarl Malone
98.2%
PointsJohn Stockton
97.7%
ReboundsJohn Stockton
97.7%
AssistsJohn Stockton
97.7%
StealsJohn Stockton
97.7%
AssistsDeron Williams
74.4%
PointsDeron Williams
74.2%
AssistsJeff Hornacek
61.9%
StealsJeff Hornacek
61.9%
ReboundsCarlos Boozer
58.2%
ReboundsMark Eaton
58.1%
BlocksMark Eaton
58.1%
PointsAndrei Kirilenko
56.2%
ReboundsAndrei Kirilenko
56.2%
AssistsAndrei Kirilenko
56.2%
StealsAndrei Kirilenko
56.2%
BlocksAndrei Kirilenko
56.2%
StealsGordon Hayward
52.2%
PointsAdrian Dantley
47%
AssistsAdrian Dantley
47%
StealsAdrian Dantley
47%
Category Player % Correct
PointsPete Maravich
46.7%
AssistsPete Maravich
46.7%
BlocksDerrick Favors
43.7%
ReboundsGreg Ostertag
42.2%
BlocksGreg Ostertag
42.2%
StealsBryon Russell
40.9%
ReboundsDerrick Favors
39.4%
PointsMehmet Okur
38.9%
BlocksRudy Gobert
37.9%
AssistsGordon Hayward
34.2%
ReboundsPaul Millsap
32.9%
StealsPaul Millsap
31.7%
PointsGordon Hayward
31.5%
BlocksRich Kelley
24.8%
PointsDarrell Griffith
21.4%
AssistsDarrell Griffith
21.4%
StealsDarrell Griffith
21.4%
PointsThurl Bailey
21%
ReboundsThurl Bailey
21%
BlocksThurl Bailey
21%
AssistsRickey Green
18.5%
StealsRickey Green
18.5%
BlocksPaul Millsap
14.4%
ReboundsRich Kelley
6.3%
BlocksBen Poquette
5.2%

You're not logged in!

Compare scores with friends on all Sporcle quizzes.
OR
Log In

You Might Also Like...

Show Comments

Extras

Top Quizzes Today


Score Distribution

Your Account Isn't Verified!

In order to create a playlist on Sporcle, you need to verify the email address you used during registration. Go to your Sporcle Settings to finish the process.

Report this User

Report this user for behavior that violates our Community Guidelines.

Details: